The Corporate finance reader / (Record no. 6168)

MARC details
000 -LEADER
fixed length control field 00629nam a22002172 4500
001 - CONTROL NUMBER
control field 0000003008
005 - DATE AND TIME OF LATEST TRANSACTION
control field 20151217151911.0
008 - FIXED-LENGTH DATA ELEMENTS--GENERAL INFORMATION
fixed length control field 070425s xx 000 0 eng d
020 ## - INTERNATIONAL STANDARD BOOK NUMBER
International Standard Book Number 1878975536 :
040 ## - CATALOGING SOURCE
Original cataloging agency KABU
Transcribing agency KABU
050 #0 - LIBRARY OF CONGRESS CALL NUMBER
Classification number HG4026
Item number .C67
245 14 - TITLE STATEMENT
Title The Corporate finance reader /
Statement of responsibility, etc. edited by Robert W. Kolb.
250 ## - EDITION STATEMENT
Edition statement 2nd ed.
260 ## - PUBLICATION, DISTRIBUTION, ETC. (IMPRINT)
Place of publication, distribution, etc. Cambridge, Mass :
Name of publisher, distributor, etc. Blackwell Publishers,
Date of publication, distribution, etc. 1995.
300 ## - PHYSICAL DESCRIPTION
Extent viii, 446 p.
650 #0 - SUBJECT ADDED ENTRY--TOPICAL TERM
Topical term or geographic name as entry element Corporations
General subdivision Finance.
-- 0000007704
700 1# - ADDED ENTRY--PERSONAL NAME
Personal name Kolb, Robert W.
-- 0000152572
908 ## - PUT COMMAND PARAMETER (RLIN)
Put command parameter 070425
950 ## - LOCAL HOLDINGS (RLIN)
-- 1
Holdings
Withdrawn status Lost status Source of classification or shelving scheme Not for loan Home library Current library Date acquired Total Checkouts Full call number Barcode Date last seen Price effective from Koha item type
    Library of Congress Classification   Kabarak, Main Campus Kabarak, Main Campus 17/12/2015   HG4026 .C67 006924 17/12/2015 17/12/2015 General Collection
Designed with assistance from East African Informatics Ltd